000 01139nam a2200289Ia 4500
003 OSt
005 20260423122829.0
008 260210s9999||||xx |||||||||||||| ||aze||
020 _a9789952386059
040 _aAz-XaKU
_baze
_cAz-XaKU
041 0 _aaze
050 1 4 _aK230 .M4736 2023
100 1 _aMehdiyev , Fərhad ,
_cProfessor ,
_emüəllif.
245 1 0 _aHüquq nəzəriyyəsi
_b: Theory of Law
_c/ Fərhad Mehdiyev , Emin Quliyev ; elmi redaktor Sərvər Süleymanlı
250 _a2-ci nəşr.
264 _aBakı:
_b"Qanun" nəşiriyyatı,
_c 2023.
300 _a472 səhifə ;
_c24,5 sm.
504 _aƏdəbiyyat siyahısı: s.462-470
505 0 _aGiriş -- Fəsil 1. Cəmiyyət, Dövlət, İctimai qaydalar və Hüquq -- Fəsil 2. Hüquq sistemi -- Fəsil 3. Hüquq məktəbləri -- Fəsil 4. Hüququn əsas institutları.
521 _aAli təhsil müəssisəlri üçün dərslik.
650 0 7 _aHüquq
_2Az-XaKU
655 _2Az-XaKU
_aDərslik
700 1 _aQuliyev, Emin,
_d Dosent,
_emüəllif.
700 1 _aSüleymanlı, Sərvər,
_dDosent,
_eElmi redaktor.
942 _cBOOK
999 _c86
_d86